| 000 | 00808nam a2200229 i 4500 | ||
|---|---|---|---|
| 001 | 75151 | ||
| 003 | ES-MaACL | ||
| 005 | 20251015170205.0 | ||
| 008 | 040922s1942 sp f |||| | spa d | ||
| 100 | 1 |
_aGraham, Harvey. _959520 |
|
| 245 | 1 | 0 |
_aHistoria de la cirugía / _cHarvey Graham ; traducción directa del inglés y un apéndice de la cirugía en España por Eduardo García del Real. |
| 250 | _a1ª ed. | ||
| 260 |
_aBarcelona : _bIberia : _bJoaquín Gil, _c[1942] ( _fMarco) |
||
| 300 |
_a546 p., 48 lám. ; _c22 cm. |
||
| 490 | 1 | _aGoliat | |
| 650 | 7 |
_aCirugía- _xHistoria _2 _9161895 |
|
| 650 | 0 | 4 |
_aCirugía- _zEspaña- _vHistoria _911053 |
| 700 | 0 |
_aGarcía del Real, Eduardo, _d1870-1946 _954523 |
|
| 830 | 0 |
_aGoliat _9181396 |
|
| 852 |
_aES-MaACL _jE-193 |
||
| 999 |
_c75151 _d75151 |
||